00410 a2200121 4500001001000000005001700010008004100027245007800068100002100146700002000167773008400187999001700271ART_2993620260410162002.0260409a 10aTragedia y derechos: repensando los comienzos de la modernidad política1 aFilippi, Alberto1 aRinesi, Eduardo0 tCuadernos de la Escuela del Servicio de Justiciag- Nº 1 (sep. 2014)wREV29921 c31396d31396